000
00320nam a22001337a 4500
008
170824b xxu||||| |||| 00| 0 eng d
020
_a
9780138141028
041
_a
eng
080
_2
3 RD
_a
51
100
_a
38
101
_a
MAT
245
_a
DIFFRENTIAL EQUATIONS LINEAR ALGEBRA
_c
EDWARDS.C.H
942
_2
udc
_c
BK
999
_c
24849
_d
24849